[Event "Titled Tuesday intern op 16th Apr Early"]
[Site "Chess.com INT"]
[Date "2024.04.16"]
[Round "10"]
[White "Rabiega, Robert"]
[Black "Doshi, Moksh Amitbhai"]
[Result "1/2-1/2"]
[WhiteElo "2466"]
[BlackElo "2342"]
[PlyCount "306"]
[EventDate "2024.04.16"]
[EventType "swiss (blitz)"]
[EventRounds "11"]
[EventCountry "USA"]
[SourceTitle "CB17_2024"]
[SourceDate "2024.04.24"]
[SourceVersion "1"]
[SourceVersionDate "2024.04.24"]
[SourceQuality "1"]

1. d4 Nf6 2. c4 g6 3. Nc3 d5 4. cxd5 Nxd5 5. e4 Nxc3 6. bxc3 Bg7 7. Nf3 c5 8. Bb5+ Nd7 9. 0-0 0-0 10. Re1 a6 11. Bf1 e6 12. Bg5 Qc7 13. Rc1 b6 14. d5 exd5 15. exd5 Bb7 16. d6 Qc6 17. Be7 Rfe8 18. Qd2 Bf8 19. Bc4 b5 20. Bd3 Bxe7 21. dxe7 Qd6 22. Qe3 Bxf3 23. gxf3 Nf6 24. c4 Ra7 25. Qe5 Qxe5 26. Rxe5 Rd7 27. Bf1 b4 28. Rxc5 Rexe7 29. Rb1 Rd2 30. Rxb4 Rxa2 31. Rc8+ Kg7 32. c5 Ra1 33. Kg2 Ree1 34. Bd3 Rg1+ 35. Kh3 Rg5 36. c6 Rc1 37. Rc4 Rh5+ 38. Kg3 Rg5+ 39. Kf4 Rxc4+ 40. Bxc4 Rc5 41. Bxa6 Nd5+ 42. Ke4 Ne7 43. Kd4 Rxc6 44. Rxc6 Nxc6+ 45. Ke4 Ne7 46. Bc4 f5+ 47. Ke5 Nc6+ 48. Kf4 Kf6 49. h4 h6 50. Bd5 Nd4 51. Ke3 Ke5 52. Bf7 g5 53. hxg5 hxg5 54. f4+ gxf4+ 55. Kd3 Nc6 56. Be8 Ne7 57. Ke2 Nd5 58. Kf3 Nf6 59. Bc6 Ne4 60. Bb7 Ng5+ 61. Kg2 Kf6 62. Ba8 Kg6 63. Bb7 Kh5 64. Ba8 Kg4 65. f3+ Kh4 66. Bb7 Nf7 67. Bc8 Nd6 68. Be6 Kg5 69. Bd5 Nb5 70. Bb7 Nc3 71. Ba8 Nd1 72. Bb7 Kh4 73. Ba8 Ne3+ 74. Kf2 Kh3 75. Bb7 Kh4 76. Ba8 Kg5 77. Bb7 Kf6 78. Ba8 Ke5 79. Bb7 Kd4 80. Ba8 Nc4 81. Bb7 Ne5 82. Ba8 Nd3+ 83. Kg2 Ke3 84. Kf1 Nc1 85. Bb7 Ne2 86. Ba8 Nd4 87. Kg2 Nc2 88. Kf1 Nb4 89. Kg2 Nd3 90. Kf1 Nc5 91. Kg2 Ne6 92. Kf1 Nf8 93. Kg2 Ng6 94. Kh3 Kf2 95. Bb7 Ne7 96. Kh4 Ke3 97. Kg5 Ng8 98. Kxf5 Ne7+ 99. Kg4 Ng6 100. Kh3 Ne5 101. Kg2 Ng6 102. Kh3 Ne7 103. Kg2 Nf5 104. Kh3 Nd4 105. Kg4 Nb5 106. Ba8 Nd6 107. Kh3 Nf5 108. Kg4 Ng3 109. Kh3 Nf1 110. Kg4 Nd2 111. Bb7 Nc4 112. Kh3 Nd6 113. Ba8 Nc8 114. Kg2 Ne7 115. Bb7 Kd4 116. Kh3 Ke5 117. Kg2 Kf5 118. Kh3 Kg5 119. Kg2 Kh4 120. Ba8 Nf5 121. Bb7 Ne3+ 122. Kf2 Kh3 123. Ba8 Nd1+ 124. Ke2 Nc3+ 125. Kf2 Nb5 126. Ke2 Kg3 127. Kd3 Nd6 128. Bc6 Nf5 129. Bb7 Nh4 130. Ke2 Nf5 131. Ba8 Nd4+ 132. Kd3 Nxf3 133. Ke4 Nd2+ 134. Kd3 Nf1 135. Ke2 Ne3 136. Kd3 Nf5 137. Ke2 Nd4+ 138. Kd3 Ne6 139. Ke2 Nc7 140. Bb7 Kg4 141. Bf3+ Kf5 142. Bb7 Ke5 143. Kf2 Nd5 144. Bxd5 Kxd5 145. Kf3 Ke5 146. Kf2 Ke4 147. Ke2 f3+ 148. Kf2 Kf4 149. Kf1 Kg4 150. Kf2 Kf4 151. Kf1 Kg3 152. Kg1 f2+ 153. Kf1 Kf3 1/2-1/2

[Event "Titled Tuesday intern op 16th Apr Early"]
[Site "Chess.com INT"]
[Date "2024.04.16"]
[Round "8"]
[White "Rabiega, Robert"]
[Black "Rohit, S3."]
[Result "0-1"]
[WhiteElo "2466"]
[BlackElo "2359"]
[PlyCount "50"]
[EventDate "2024.04.16"]
[EventType "swiss (blitz)"]
[EventRounds "11"]
[EventCountry "USA"]
[SourceTitle "CB17_2024"]
[SourceDate "2024.04.24"]
[SourceVersion "1"]
[SourceVersionDate "2024.04.24"]
[SourceQuality "1"]

1. d4 Nf6 2. c4 e6 3. Nf3 d5 4. g3 dxc4 5. Bg2 c6 6. 0-0 b5 7. a4 Bb7 8. b3 cxb3 9. Qxb3 a6 10. Ba3 Bxa3 11. Nxa3 Nbd7 12. Rfc1 0-0 13. Nc4 Qc7 14. Rab1 Rab8 15. Nce5 Qd6 16. Nd3 Nb6 17. Nc5 Nfd7 18. Nxb7 Rxb7 19. axb5 cxb5 20. Ng5 Rc7 21. Qd3 Nf6 22. e4 Rxc1+ 23. Rxc1 e5 24. Nf3 Nc4 25. Rd1 Nb2 0-1

[Event "Titled Tuesday intern op 02nd Apr Early"]
[Site "Chess.com INT"]
[Date "2024.04.02"]
[Round "5"]
[White "Acosta Villarroel, Lorner Justus"]
[Black "Rabiega, Robert"]
[Result "0-1"]
[WhiteElo "2168"]
[BlackElo "2466"]
[PlyCount "84"]
[EventDate "2024.04.02"]
[EventType "swiss (blitz)"]
[EventRounds "11"]
[EventCountry "USA"]
[SourceTitle "CB15_2024"]
[SourceDate "2024.04.10"]
[SourceVersion "1"]
[SourceVersionDate "2024.04.10"]
[SourceQuality "1"]

1. Nf3 d5 2. e3 Nf6 3. c4 e6 4. b3 Bd6 5. Bb2 dxc4 6. bxc4 0-0 7. Qc2 Re8 8. Nc3 Nc6 9. a3 e5 10. Ng5 Bf8 11. Be2 h6 12. h4 g6 13. Nge4 Nxe4 14. Nxe4 f5 15. Nc3 h5 16. 0-0-0 Bg7 17. Nd5 Ne7 18. Nc3 c6 19. d4 exd4 20. exd4 Qa5 21. Rhe1 Be6 22. Bf1 Bf7 23. Kb1 Rad8 24. Ne2 b5 25. Nf4 Rb8 26. cxb5 cxb5 27. d5 Bxb2 28. Qxb2 b4 29. a4 Qxa4 30. d6 Nc6 31. Rxe8+ Rxe8 32. Rc1 Nd4 33. Bd3 b3 34. d7 Qxd7 35. Rd1 Qa4 36. Bf1 Rd8 37. f3 Qa2+ 38. Qxa2 bxa2+ 39. Kb2 Rb8+ 40. Kc3 Rc8+ 41. Kxd4 Rd8+ 42. Kc3 Rxd1 0-1

[Event "Titled Tuesday intern op 02nd Apr Early"]
[Site "Chess.com INT"]
[Date "2024.04.02"]
[Round "8"]
[White "Goltseva, Ekaterina"]
[Black "Rabiega, Robert"]
[Result "0-1"]
[WhiteElo "2304"]
[BlackElo "2466"]
[PlyCount "64"]
[EventDate "2024.04.02"]
[EventType "swiss (blitz)"]
[EventRounds "11"]
[EventCountry "USA"]
[SourceTitle "CB15_2024"]
[SourceDate "2024.04.10"]
[SourceVersion "1"]
[SourceVersionDate "2024.04.10"]
[SourceQuality "1"]

1. Nf3 d5 2. d4 Nf6 3. c4 e6 4. g3 Be7 5. Bg2 0-0 6. Qc2 c5 7. dxc5 d4 8. 0-0 Nc6 9. a3 a5 10. Bf4 Bxc5 11. Nbd2 Re8 12. Nb3 Bd6 13. Bxd6 Qxd6 14. Rfd1 e5 15. c5 Qe7 16. Ng5 h6 17. Ne4 Nxe4 18. Bxe4 a4 19. Nd2 Ra5 20. Rac1 Be6 21. Bf5 Bxf5 22. Qxf5 Rxc5 23. Rxc5 Qxc5 24. Qd7 Qe7 25. Qd5 e4 26. Nc4 Rd8 27. Qb5 d3 28. exd3 exd3 29. Qxa4 Qe2 30. Ne3 Nd4 31. Qa5 Nf3+ 32. Kg2 Re8 0-1

[Event "Titled Tuesday intern op 02nd Apr Early"]
[Site "Chess.com INT"]
[Date "2024.04.02"]
[Round "2"]
[White "Jimenez Salas, Maria Teresa"]
[Black "Rabiega, Robert"]
[Result "1/2-1/2"]
[WhiteElo "1946"]
[BlackElo "2466"]
[PlyCount "83"]
[EventDate "2024.04.02"]
[EventType "swiss (blitz)"]
[EventRounds "11"]
[EventCountry "USA"]
[SourceTitle "CB15_2024"]
[SourceDate "2024.04.10"]
[SourceVersion "1"]
[SourceVersionDate "2024.04.10"]
[SourceQuality "1"]

1. e4 c5 2. Nf3 Nc6 3. d4 cxd4 4. Nxd4 Nf6 5. Nc3 d6 6. f3 e6 7. Be3 Be7 8. g4 a6 9. Qd2 Nxd4 10. Bxd4 b5 11. 0-0-0 b4 12. Na4 e5 13. Be3 Be6 14. Kb1 0-0 15. Nb6 Rb8 16. g5 Nh5 17. Nd5 Bxd5 18. Qxd5 Bxg5 19. Bf2 Be7 20. Bxa6 Nf4 21. Qd2 Qc7 22. Be3 Ra8 23. Bd3 Ne6 24. Rhg1 Rfc8 25. Qe2 b3 26. cxb3 Qa5 27. a3 d5 28. exd5 Bxa3 29. bxa3 Qxa3 30. Qb2 Rcb8 31. Qxa3 Rxa3 32. dxe6 Rbxb3+ 33. Kc2 Rc3+ 34. Kb2 Rab3+ 35. Ka1 Ra3+ 36. Kb1 Rab3+ 37. Ka2 Ra3+ 38. Kb2 Rab3+ 39. Ka1 Ra3+ 40. Kb1 Rab3+ 41. Ka2 Ra3+ 42. Kb1 1/2-1/2

[Event "Titled Tuesday intern op 02nd Apr Early"]
[Site "Chess.com INT"]
[Date "2024.04.02"]
[Round "9"]
[White "Rabiega, Robert"]
[Black "Domin, Yan"]
[Result "0-1"]
[WhiteElo "2466"]
[BlackElo "2131"]
[PlyCount "20"]
[EventDate "2024.04.02"]
[EventType "swiss (blitz)"]
[EventRounds "11"]
[EventCountry "USA"]
[SourceTitle "CB15_2024"]
[SourceDate "2024.04.10"]
[SourceVersion "1"]
[SourceVersionDate "2024.04.10"]
[SourceQuality "1"]

1. d4 Nf6 2. c4 g6 3. Nc3 d5 4. cxd5 Nxd5 5. e4 Nxc3 6. bxc3 Bg7 7. Nf3 c5 8. Bb5+ Bd7 9. Be2 0-0 10. 0-0 cxd4 0-1

[Event "World-chT Rapid"]
[Site "Dusseldorf"]
[Date "2023.08.27"]
[Round "7.6"]
[White "Berelowitsch, Alexander"]
[Black "Rabiega, Robert"]
[Result "0-1"]
[WhiteElo "2492"]
[BlackElo "2468"]
[PlyCount "56"]
[EventDate "2023.08.26"]
[EventType "team-swiss (rapid)"]
[EventRounds "12"]
[EventCountry "GER"]
[SourceTitle "CBM 215 Extra"]
[Source "ChessBase"]
[SourceDate "2023.09.30"]
[SourceVersion "1"]
[SourceVersionDate "2023.09.30"]
[SourceQuality "1"]
[WhiteTeam "Duesseldorf"]
[BlackTeam "Berlin Chess Federation"]
[WhiteTeamCountry "GER"]
[BlackTeamCountry "GER"]

1. e4 e5 2. Nf3 Nf6 3. Nxe5 d6 4. Nf3 Nxe4 5. Nc3 Nxc3 6. dxc3 Be7 7. Be3 Nc6 8. Qd2 Bf5 9. 0-0-0 Qd7 10. Kb1 0-0 11. h4 Rfe8 12. Ng5 h6 13. Nh3 Bf8 14. Nf4 Ne5 15. Be2 b5 16. f3 Nc4 17. Bxc4 bxc4 18. g4 Bh7 19. g5 Rab8 20. Qf2 Rb5 21. Bc1 Reb8 22. Nd5 c6 23. Ne3 Qb7 24. Nxc4 d5 25. a4 Rb3 26. Ka1 dxc4 27. cxb3 Qxb3 28. Qxa7 Qc2 0-1

[Event "Titled Tuesday intern op 08th Aug Late"]
[Site "Chess.com INT"]
[Date "2023.08.08"]
[Round "6"]
[White "Rabiega, Robert"]
[Black "Shapiro, Viktor"]
[Result "1-0"]
[WhiteElo "2468"]
[BlackElo "2144"]
[PlyCount "109"]
[EventDate "2023.08.08"]
[EventType "swiss (blitz)"]
[EventRounds "11"]
[EventCountry "USA"]
[SourceTitle "EXT 2024"]
[Source "ChessBase"]
[SourceDate "2023.10.10"]
[SourceVersion "1"]
[SourceVersionDate "2023.10.10"]
[SourceQuality "1"]

1. e4 Nf6 2. e5 Nd5 3. d4 d6 4. exd6 cxd6 5. Nf3 Bg4 6. Be2 e6 7. 0-0 Be7 8. h3 Bh5 9. c4 Nb6 10. b3 0-0 11. Bb2 d5 12. c5 Bxf3 13. Bxf3 Nc8 14. b4 Nc6 15. b5 Na5 16. Nd2 Bf6 17. Re1 Ne7 18. a4 Nf5 19. Nf1 Rc8 20. Ne3 Nxe3 21. fxe3 Nc4 22. Bc3 b6 23. c6 Bg5 24. Qd3 f5 25. Bd1 Rf6 26. Bb3 Nd6 27. a5 Ne4 28. axb6 axb6 29. Ra7 Bh4 30. Rf1 Rg6 31. Bb4 Qg5 32. Ra2 Qg3 33. Be1 Qg5 34. Bd1 Bg3 35. Bf3 Bd6 36. Ra6 Bc7 37. Ra7 Qd8 38. Bxe4 fxe4 39. Qe2 Qd6 40. g3 Rxg3+ 41. Bxg3 Qxg3+ 42. Qg2 Qxe3+ 43. Kh1 Qxd4 44. Rg1 e3 45. Qg4 Qxg4 46. Rxg4 Be5 47. Kg2 d4 48. Kf3 h5 49. Re4 Bf6 50. Rxe6 Rf8 51. Ke2 Rd8 52. Kd3 Rd5 53. c7 Rc5 54. Rxb6 Kh7 55. Rc6 1-0

[Event "BL2-Nord 2223"]
[Site "Germany"]
[Date "2023.02.05"]
[Round "6.1"]
[White "Souleidis, Georgios"]
[Black "Rabiega, Robert"]
[Result "1/2-1/2"]
[WhiteElo "2410"]
[BlackElo "2490"]
[PlyCount "95"]
[EventDate "2022.10.22"]
[EventType "team-tourn"]
[EventRounds "10"]
[EventCountry "GER"]
[SourceTitle "EXT 2024"]
[Source "ChessBase"]
[SourceDate "2023.10.10"]
[SourceVersion "1"]
[SourceVersionDate "2023.10.10"]
[SourceQuality "1"]
[WhiteTeam "Hamburger SK II"]
[BlackTeam "Koenig Tegel"]
[WhiteTeamCountry "GER"]
[BlackTeamCountry "GER"]

1. e4 e5 2. Nf3 Nf6 3. d4 Nxe4 4. Bd3 Nc6 5. Nxe5 d5 6. Nxc6 bxc6 7. 0-0 Bd6 8. Nd2 0-0 9. Nxe4 dxe4 10. Bxe4 Bxh2+ 11. Kxh2 Qh4+ 12. Kg1 Qxe4 13. Re1 Qg6 14. Bf4 Bf5 15. c3 Be4 16. f3 Bd5 17. b3 Rae8 18. Rxe8 Rxe8 19. c4 Be6 20. Qd2 h5 21. Re1 Re7 22. Kh2 Rd7 23. Re5 Bf5 24. Qe3 f6 25. Re7 Rxe7 26. Qxe7 Bd3 27. Bxc7 Qg5 28. Qe6+ Kh7 29. Qe1 a6 30. Qf2 Kg8 31. Bd6 Kf7 32. Qe1 Kg8 33. Qe8+ Kh7 34. Qe1 Kg8 35. Bb8 Kf7 36. Bg3 Qf5 37. Qd2 g5 38. Kg1 h4 39. Bd6 h3 40. Qe3 Qe6 41. Qxd3 Qxd6 42. Qh7+ Kf8 43. Qxh3 Qxd4+ 44. Kh2 Ke7 45. Qc8 Qf4+ 46. Kh1 Qc1+ 47. Kh2 Qf4+ 48. Kh1 1/2-1/2

[Event "EU-chT Seniors 50"]
[Site "Dresden"]
[Date "2022.11.04"]
[Round "9.1"]
[White "Rabiega, Robert"]
[Black "Crocker, Philip J"]
[Result "1-0"]
[WhiteElo "2490"]
[BlackElo "2146"]
[PlyCount "85"]
[EventDate "2022.10.27"]
[EventType "team-swiss"]
[EventRounds "9"]
[EventCountry "GER"]
[SourceTitle "EXT 2024"]
[Source "ChessBase"]
[SourceDate "2023.10.10"]
[SourceVersion "1"]
[SourceVersionDate "2023.10.10"]
[SourceQuality "1"]
[WhiteTeam "Berlin 50"]
[BlackTeam "England 50 III"]
[WhiteTeamCountry "GER"]
[BlackTeamCountry "ENG"]

1. e4 e5 2. Bc4 Nf6 3. d3 Nc6 4. Nf3 Bc5 5. Nbd2 0-0 6. 0-0 a6 7. h3 d6 8. a4 h6 9. c3 Ba7 10. Re1 Re8 11. Nf1 Be6 12. Bxe6 Rxe6 13. Nh4 d5 14. exd5 Qxd5 15. Be3 Rd8 16. Bxa7 Nxa7 17. Qe2 Nc6 18. Red1 e4 19. dxe4 Qxe4 20. Rxd8+ Nxd8 21. Qxe4 Rxe4 22. Nf5 Nc6 23. N1e3 a5 24. f3 Re8 25. Rd1 Kh7 26. Kf2 g6 27. Nd4 Nxd4 28. Rxd4 Kg7 29. g4 Rb8 30. Rc4 Rd8 31. Rxc7 Rd2+ 32. Kg3 Rxb2 33. Nc4 Ra2 34. Ne5 Nd5 35. Rxf7+ Kg8 36. c4 Ne3 37. Rxb7 g5 38. f4 Rxa4 39. fxg5 hxg5 40. c5 Ra3 41. Kf3 a4 42. Ke4 Rb3 43. c6 1-0

[Event "BL2-Nord 2223"]
[Site "Germany"]
[Date "2022.10.23"]
[Round "2.1"]
[White "Heberla, Bartlomiej"]
[Black "Rabiega, Robert"]
[Result "1-0"]
[WhiteElo "2559"]
[BlackElo "2490"]
[PlyCount "51"]
[EventDate "2022.10.22"]
[EventType "team-tourn"]
[EventRounds "10"]
[EventCountry "GER"]
[SourceTitle "EXT 2024"]
[Source "ChessBase"]
[SourceDate "2023.10.10"]
[SourceVersion "1"]
[SourceVersionDate "2023.10.10"]
[SourceQuality "1"]
[WhiteTeam "Ruedersdorf Glueckauf"]
[BlackTeam "Koenig Tegel"]
[WhiteTeamCountry "GER"]
[BlackTeamCountry "GER"]

1. e4 e5 2. Nf3 Nf6 3. Nxe5 d6 4. Nf3 Nxe4 5. Nc3 Nxc3 6. dxc3 Nc6 7. Be3 Be7 8. Qd2 Bf5 9. 0-0-0 Qd7 10. Be2 0-0 11. Kb1 a6 12. Nd4 Nxd4 13. Bxd4 Qa4 14. c4 Rfe8 15. g4 Bg6 16. h4 Bf8 17. b3 Qc6 18. f3 h6 19. h5 Bh7 20. g5 hxg5 21. Rdg1 f6 22. h6 Rxe2 23. Qxe2 Re8 24. Qd1 gxh6 25. Bxf6 Re6 26. Bb2 1-0

[Event "Titled Tuesday intern op 30th Aug Late"]
[Site "Chess.com INT"]
[Date "2022.08.30"]
[Round "7"]
[White "Rabiega, Robert"]
[Black "D'Arruda, Ricardo D"]
[Result "0-1"]
[WhiteElo "2490"]
[BlackElo "2271"]
[PlyCount "78"]
[EventDate "2022.08.30"]
[EventType "swiss (blitz)"]
[EventRounds "11"]
[EventCountry "USA"]
[SourceTitle "EXT 2023"]
[Source "ChessBase"]
[SourceDate "2022.10.05"]
[SourceVersion "1"]
[SourceVersionDate "2022.10.05"]
[SourceQuality "1"]

1. e4 c5 2. c3 e6 3. d4 cxd4 4. cxd4 d5 5. Nc3 Nf6 6. e5 Ne4 7. Nge2 Nc6 8. Be3 Bb4 9. Rc1 0-0 10. f3 Nxc3 11. Nxc3 f6 12. exf6 Qxf6 13. Bd3 Bd7 14. 0-0 Kh8 15. Bb1 Bd6 16. Bf2 Rac8 17. Re1 Qh6 18. Bg3 Bxg3 19. hxg3 Qf6 20. Nb5 a6 21. Qd3 g6 22. Nd6 Rb8 23. Kf2 Qe7 24. Ne4 dxe4 25. Rxe4 Qf6 26. Rh1 Rf7 27. Reh4 Kg8 28. a3 Rd8 29. Ba2 Bc8 30. Re4 Rxd4 31. Qe3 Rxe4 32. Qxe4 Qxb2+ 33. Qe2 Qxe2+ 34. Kxe2 Kg7 35. Rd1 Rd7 36. Re1 Rd4 37. Ke3 e5 38. Rc1 Ra4 39. Rc5 Rxa3+ 0-1

[Event "Titled Tuesday intern op 30th Aug Late"]
[Site "Chess.com INT"]
[Date "2022.08.30"]
[Round "9"]
[White "Rabiega, Robert"]
[Black "Winkels, Marcel"]
[Result "0-1"]
[WhiteElo "2490"]
[BlackElo "1939"]
[PlyCount "104"]
[EventDate "2022.08.30"]
[EventType "swiss (blitz)"]
[EventRounds "11"]
[EventCountry "USA"]
[SourceTitle "EXT 2023"]
[Source "ChessBase"]
[SourceDate "2022.10.05"]
[SourceVersion "1"]
[SourceVersionDate "2022.10.05"]
[SourceQuality "1"]

1. e4 c5 2. c3 d6 3. d4 Nf6 4. Bd3 g6 5. Nf3 Bg7 6. 0-0 0-0 7. h3 cxd4 8. cxd4 Nc6 9. Nc3 e5 10. Be3 Bd7 11. Rc1 Rc8 12. Bb1 Nh5 13. Qd2 Re8 14. Rfd1 Qe7 15. Nd5 Qf8 16. a3 Be6 17. Ba2 Ne7 18. b4 Bxd5 19. exd5 e4 20. Ne1 f5 21. b5 f4 22. Qb4 fxe3 23. fxe3 Qf6 24. Rxc8 Rxc8 25. Rd2 Nf5 26. Rf2 Qg5 27. Bb1 Nhg3 28. Qd2 Qxe3 29. Qxe3 Nxe3 30. Kh2 Ngf5 31. Bxe4 Nxd4 32. Nd3 Nef5 33. Nf4 Rc3 34. Ne6 Be5+ 35. Kg1 Rc1+ 36. Rf1 Ne2+ 37. Kf2 Rxf1+ 38. Kxf1 Neg3+ 39. Kf2 Nxe4+ 40. Kf3 Nc3 41. g4 Nxd5 42. gxf5 gxf5 43. Nd8 f4 44. Nxb7 Nc3 45. b6 axb6 46. Nd8 Nb5 47. a4 Nc3 48. Nc6 Nxa4 49. Ke4 Kf7 50. Nb4 Ke6 51. Nd5 Nc5+ 52. Kf3 Kxd5 0-1

[Event "Titled Tuesday intern op 30th Aug Late"]
[Site "Chess.com INT"]
[Date "2022.08.30"]
[Round "10"]
[White "Simonovic, Miroslav"]
[Black "Rabiega, Robert"]
[Result "1-0"]
[WhiteElo "2115"]
[BlackElo "2490"]
[PlyCount "73"]
[EventDate "2022.08.30"]
[EventType "swiss (blitz)"]
[EventRounds "11"]
[EventCountry "USA"]
[SourceTitle "EXT 2023"]
[Source "ChessBase"]
[SourceDate "2022.10.05"]
[SourceVersion "1"]
[SourceVersionDate "2022.10.05"]
[SourceQuality "1"]

1. d4 d5 2. Bg5 h6 3. Bh4 g5 4. Bg3 Bg7 5. e3 Nd7 6. c4 c6 7. Nc3 e6 8. Be2 Ne7 9. f4 0-0 10. fxg5 hxg5 11. h4 Nf5 12. Bf2 gxh4 13. Nf3 Nf6 14. Nxh4 Nxh4 15. Rxh4 Qa5 16. Qc2 Ne4 17. Bd3 f5 18. 0-0-0 Bd7 19. g4 Nxc3 20. bxc3 b5 21. c5 b4 22. gxf5 exf5 23. Rg1 Qa3+ 24. Qb2 Qxb2+ 25. Kxb2 bxc3+ 26. Kxc3 Kf7 27. Bg3 Rh8 28. Rf4 Bh6 29. Rf3 Rag8 30. Rgf1 Ke8 31. Be5 Rh7 32. Bxf5 Bxf5 33. Rxf5 Rb7 34. Rf6 Bxe3 35. Re6+ Kd8 36. Rxc6 Bh6 37. Rxh6 1-0

[Event "Bundesliga 2122"]
[Site "Germany"]
[Date "2022.07.09"]
[Round "13.4"]
[White "Rabiega, Robert"]
[Black "Piorun, Kacper"]
[Result "0-1"]
[WhiteElo "2505"]
[BlackElo "2640"]
[PlyCount "79"]
[EventDate "2022.03.05"]
[EventType "team-tourn"]
[EventRounds "15"]
[EventCountry "GER"]
[SourceTitle "CBM 209 Extra"]
[Source "ChessBase"]
[SourceDate "2022.09.30"]
[SourceVersion "1"]
[SourceVersionDate "2022.09.30"]
[SourceQuality "1"]
[WhiteTeam "Koenig Tegel"]
[BlackTeam "Berlin SF"]
[WhiteTeamCountry "GER"]
[BlackTeamCountry "GER"]

1. e4 c5 2. Nf3 d6 3. Bc4 Nf6 4. d3 Nc6 5. 0-0 e6 6. Re1 Be7 7. Bb3 0-0 8. c3 d5 9. e5 Nd7 10. d4 f6 11. exf6 Nxf6 12. Ng5 cxd4 13. cxd4 Qe8 14. Nc3 Bb4 15. Bc2 h6 16. Nf3 Qh5 17. a3 Bd6 18. Qd3 Bd7 19. Qg6 Rac8 20. h3 a6 21. Be3 Qxg6 22. Bxg6 Be8 23. Bxe8 Rfxe8 24. Rac1 Na5 25. Nd2 b5 26. Na2 Nc4 27. Nxc4 bxc4 28. f3 Rb8 29. Rc2 Kf7 30. Kf1 Nh5 31. Nc3 Ng3+ 32. Kg1 Rb3 33. Bf2 Reb8 34. Nd1 h5 35. Re3 R3b6 36. Bxg3 Bxg3 37. Kf1 Bf4 38. Ree2 Bg3 39. Nc3 Rb3 40. Na4 0-1

[Event "Bundesliga 2122"]
[Site "Germany"]
[Date "2022.05.15"]
[Round "8.2"]
[White "Rabiega, Robert"]
[Black "Korobov, Anton"]
[Result "1/2-1/2"]
[WhiteElo "2505"]
[BlackElo "2695"]
[PlyCount "48"]
[EventDate "2022.03.05"]
[EventType "team-tourn"]
[EventRounds "15"]
[EventCountry "GER"]
[SourceTitle "EXT 2023"]
[Source "ChessBase"]
[SourceDate "2022.10.05"]
[SourceVersion "1"]
[SourceVersionDate "2022.10.05"]
[SourceQuality "1"]
[WhiteTeam "Koenig Tegel"]
[BlackTeam "Viernheim"]
[WhiteTeamCountry "GER"]
[BlackTeamCountry "GER"]

1. e4 e6 2. d4 d5 3. Nc3 Nf6 4. exd5 exd5 5. Bd3 Be7 6. Nge2 0-0 7. 0-0 c6 8. h3 Re8 9. Ng3 Be6 10. Qf3 Nbd7 11. Nf5 Bf8 12. Be3 Bxf5 13. Bxf5 g6 14. Bd3 Bg7 15. Rfe1 Qb6 16. b3 Re7 17. Na4 Qa5 18. Bd2 Rxe1+ 19. Bxe1 Qc7 20. Bd2 Re8 21. Re1 Rxe1+ 22. Bxe1 Nf8 23. Qe3 N6d7 24. Nc3 Ne6 1/2-1/2

[Event "BL2-Nord 1920"]
[Site "Germany"]
[Date "2020.02.09"]
[Round "8.2"]
[White "Rabiega, Robert"]
[Black "Sawlin, Leonid"]
[Result "1-0"]
[WhiteElo "2507"]
[BlackElo "2385"]
[PlyCount "99"]
[EventDate "2019.10.19"]
[EventType "team-tourn"]
[EventRounds "9"]
[EventCountry "GER"]
[SourceTitle "CBM 194 Extra"]
[Source "ChessBase"]
[SourceDate "2020.03.31"]
[SourceVersion "1"]
[SourceVersionDate "2020.03.31"]
[SourceQuality "1"]
[WhiteTeam "Koenig Tegel"]
[BlackTeam "Zehlendorf"]
[WhiteTeamCountry "GER"]
[BlackTeamCountry "GER"]

1. e4 e6 2. d4 d5 3. Nd2 c5 4. Ngf3 Nf6 5. exd5 exd5 6. Bb5+ Bd7 7. Bxd7+ Nbxd7 8. 0-0 Be7 9. dxc5 Nxc5 10. Nb3 Nce4 11. Nfd4 Nd6 12. Qf3 0-0 13. Nf5 Nxf5 14. Qxf5 Qc8 15. Qd3 Rd8 16. Bg5 Qc4 17. Rad1 h6 18. Rfe1 Re8 19. Be3 a5 20. Nd4 Qxa2 21. Nf5 Bf8 22. Bd4 Rxe1+ 23. Rxe1 Re8 24. Qd1 Rxe1+ 25. Qxe1 Ne4 26. h3 Qa4 27. c3 Qb5 28. f3 Nd6 29. Nxh6+ gxh6 30. Qe5 f5 31. Qe6+ Kh7 32. Qf6 Qxb2 33. Qh8+ Kg6 34. Qf6+ Kh7 35. Qxf8 Qc1+ 36. Kh2 Qf4+ 37. Kh1 Qc1+ 38. Kh2 Qf4+ 39. Kh1 Qc1+ 40. Bg1 Qf4 41. Qe7+ Kg8 42. Be3 Qg3 43. Qe6+ Kh7 44. Qxh6+ Kg8 45. Qe6+ Kh7 46. Bc5 Nc4 47. Qxf5+ Kg7 48. Bd4+ Kh6 49. Qf8+ Kh5 50. Qh8+ 1-0

[Event "BL2-Nord 1920"]
[Site "Germany"]
[Date "2019.12.07"]
[Round "5.2"]
[White "Rabiega, Robert"]
[Black "Biastoch, Bennet"]
[Result "1/2-1/2"]
[WhiteElo "2507"]
[BlackElo "2256"]
[PlyCount "148"]
[EventDate "2019.10.19"]
[EventType "team-tourn"]
[EventRounds "9"]
[EventCountry "GER"]
[SourceTitle "CBM 194 Extra"]
[Source "ChessBase"]
[SourceDate "2020.03.31"]
[SourceVersion "1"]
[SourceVersionDate "2020.03.31"]
[SourceQuality "1"]
[WhiteTeam "Koenig Tegel"]
[BlackTeam "Magdeburg"]
[WhiteTeamCountry "GER"]
[BlackTeamCountry "GER"]

1. e4 c5 2. Nc3 d6 3. d4 cxd4 4. Qxd4 Nc6 5. Qd2 g6 6. b3 Bg7 7. Bb2 Nf6 8. 0-0-0 0-0 9. f3 Qa5 10. Kb1 Rd8 11. a3 Be6 12. Nd5 Qxd2 13. Rxd2 Ne8 14. Ne2 Rac8 15. c4 Bxb2 16. Kxb2 Bd7 17. Nec3 Kf8 18. Be2 Nc7 19. f4 Nxd5 20. Nxd5 Be6 21. Ne3 Kg7 22. Rhd1 b6 23. Bf3 f6 24. g3 Rf8 25. h4 h6 26. Bg4 Bxg4 27. Nxg4 h5 28. Ne3 Kf7 29. b4 Rg8 30. Rf2 Rcf8 31. Kc3 Rc8 32. Rd5 Rcd8 33. Kb3 Ke8 34. Rfd2 Kf7 35. Ka4 Rb8 36. Rd1 Rbc8 37. c5 dxc5 38. bxc5 bxc5 39. Rxc5 Nb8 40. Rdc1 Rxc5 41. Rxc5 Rd8 42. Nd5 Nd7 43. Rc6 Nb6+ 44. Nxb6 axb6 45. Rxb6 Rd4+ 46. Rb4 Rd3 47. Rb3 Rd4+ 48. Kb5 Rxe4 49. a4 e5 50. a5 exf4 51. gxf4 g5 52. a6 gxh4 53. a7 Re8 54. Ka6 Kg6 55. Rh3 Kf5 56. Rxh4 Ke4 57. Kb7 Re7+ 58. Kb6 Re6+ 59. Kb5 Re8 60. Kc6 Re6+ 61. Kb5 Re8 62. Rxh5 Kxf4 63. Rh4+ Kg3 64. Ra4 Ra8 65. Ra3+ Kg2 66. Kc6 f5 67. Kb7 Rxa7+ 68. Rxa7 f4 69. Kc6 f3 70. Rg7+ Kh2 71. Kd5 f2 72. Rf7 Kg2 73. Ke4 f1Q 74. Rxf1 Kxf1 1/2-1/2

[Event "BL2-Nord 1920"]
[Site "Germany"]
[Date "2019.11.24"]
[Round "4.2"]
[White "Leniart, Arkadiusz"]
[Black "Rabiega, Robert"]
[Result "1/2-1/2"]
[WhiteElo "2498"]
[BlackElo "2507"]
[PlyCount "41"]
[EventDate "2019.10.19"]
[EventType "team-tourn"]
[EventRounds "9"]
[EventCountry "GER"]
[SourceTitle "CBM 194 Extra"]
[Source "ChessBase"]
[SourceDate "2020.03.31"]
[SourceVersion "1"]
[SourceVersionDate "2020.03.31"]
[SourceQuality "1"]
[WhiteTeam "Ruedersdorf Glueckauf"]
[BlackTeam "Koenig Tegel"]
[WhiteTeamCountry "GER"]
[BlackTeamCountry "GER"]

1. e4 e5 2. Nf3 Nf6 3. Nxe5 d6 4. Nf3 Nxe4 5. d4 d5 6. Bd3 Be7 7. 0-0 Bf5 8. Re1 0-0 9. c4 Nc6 10. Nc3 Nxc3 11. bxc3 Bxd3 12. Qxd3 dxc4 13. Qxc4 Qd7 14. Bf4 Rac8 15. Qb5 Bd6 16. Bd2 b6 17. c4 Rfe8 18. a4 Nb8 19. Be3 c6 20. Qb3 Qf5 21. a5 1/2-1/2